| 000 | 01096cab a22002415a 4500 | ||
|---|---|---|---|
| 001 | L142891 | ||
| 008 | 080317e20080315xxk 000 0 eng d | ||
| 035 | _a(Sirsi) u142891 | ||
| 041 | 0 | _aeng | |
| 100 | 1 | _aKivlehan, Noella Pio | |
| 245 | 0 | 0 |
_aEG _bLeisure |
| 260 | _c2008 | ||
| 490 |
_aEstates Gazette _v(0810) 15 March 2008, 87-105() |
||
| 520 | _aReports on forthcoming openings of low-budget chain easyHotels, as well as redesigns of their room styles. Warns that credit crunch fallout is affecting the wider hotel market as a viable investment proposition. Reports on the large number of bingo halls closing. Covers the effect of the credit crunch on pubs, and notes that a mass sell-off has not resulted. Describes problems for pubs and pub chains which have resulted from the smoking ban, including possible breaches of tenancy agreements. | ||
| 590 | _aKA | ||
| 651 | 4 |
_aUnited Kingdom _y |
|
| 690 | _aPROPERTY-COMMERCIAL PROPERTY-LEISURE PROPERTY | ||
| 700 | 1 | _aPayne, Joanne | |
| 700 | 1 | _aHarris, David | |
| 700 | 1 | _aNorman, Paul | |
| 700 | 1 | _aBalerdi, Andrew | |
| 942 | _n0 | ||
| 999 |
_c79962 _d79962 |
||